00471 2200193 4500001002100000005001500021008004100036020002200077035001900099041000700118082000800125090001400133100002000147245002000167250001000187260003300197300002700230650002000257INLIS00000000000156220241224112355241224||||||||| | ||| |||| || |  a978-979-076-242-8 0010-1224001562 aid0 a401 a401 MUH f0 aMuhammad Khoyin00aFilsafat Bahasa aCet.1 aBandungbPustaka Setiac2013 a254 hlm.; ilus.: 24 cm 0aFilsafat Bahasa